The Article book/ : Mạo từ tiếng anh / Practice Toward Mastering a, an, and the

Đã lưu trong:
书目详细资料
主要作者: Cole, Tom
其他作者: Lê Huy Lâm (dịchvà chú giải)
格式: 图书
出版: Tp.HCM : NXB Hồ Chí Minh.
主题:
标签: 添加标签
没有标签, 成为第一个标记此记录!
Thư viện lưu trữ: Mạng thư viện Đại học Đà Nẵng
LEADER 01003nam a22002891a 4500
001 000037624
003 13919
005 20220722103752.0
008 160412s1994 000
040 |a lnn  |c lnn  |d lnn 
041 0 |a Eng 
082 0 |a 425  |b CO-T 
100 1 |a Cole, Tom 
245 0 0 |a The Article book/ :  |b Mạo từ tiếng anh /  |c Cole, Tom  |n Practice Toward Mastering a, an, and the 
260 |a Tp.HCM :  |b NXB Hồ Chí Minh. 
300 |a 173tr ;  |c 20,5cm. 
650 0 4 |a Tiếng anh  |x the article book  |x a  |x an  |x the 
700 |a Lê Huy Lâm  |e dịchvà chú giải 
OWN |a LNN 
AVA |a UDN50  |b LNN  |c English  |d 425CO-T  |e available  |t Error 5001 Not defined in file expand_doc_bib_avail.  |f 4  |g 0  |h N  |i 0  |j AN 
999 |a From the UDN01 
AVA |a UDN50  |b LNN  |c English  |d 425CO-T  |e available  |t Error 5001 Not defined in file expand_doc_bib_avail.  |f 4  |g 0  |h N  |i 0  |j AN 
TYP |a Monograph 
980 |a Mạng thư viện Đại học Đà Nẵng